000 00615cam a22002293a 4500
001 19149
003 PGUSA
005 20140828083415.0
008 060831s2006||||xxu|||||s|||||000 1 eng d
040 _aPGUSA
_beng
042 _adc
050 4 _aPQ
100 1 _aRoussel, Raymond,
_d1877-1933
245 1 0 _aLocus Solus
_h[electronic resource] /
_cRaymond Roussel
260 _bProject Gutenberg,
_c2006
506 _aPublic domain in the USA.
516 _aElectronic text
653 _aFrench fiction
830 0 _aProject Gutenberg
_v19149
856 4 0 _uhttp://www.gutenberg.org/ebooks/19149
942 _cEB
999 _c248404
_d248404